书目信息 |
| 题名: |
鲁迅作序跋的著作选辑
|
|
| 作者: | 金淑姿 著 | |
| 分册: | 信 | |
| 出版信息: | 上海 上海书店 1985 |
|
| 页数: | 242页 | |
| 开本: | 19cm | |
| 丛书名: | ||
| 单 册: | ||
| 中图分类: | I210.4 | |
| 科图分类: | ||
| 主题词: | ||
| 电子资源: | ||
| ISBN: | ||
| 000 | 00493nam0 2200181 45 | |
| 001 | 0181013645 | |
| 005 | 20060414110923.09 | |
| 010 | @dCNY1.70 | |
| 100 | @a20810111d1985 km y0chiy0120 ea | |
| 101 | 0 | @achi |
| 200 | 1 | @a鲁迅作序跋的著作选辑@Aluxunzuoxubadezhuzuoxuanji@i信@f金淑姿著@Fjin shu zi zhu |
| 210 | @a上海@c上海书店@d1985 | |
| 215 | @a242页@d19cm | |
| 517 | 1 | @a信@Axin |
| 690 | @aI210.4@v4 | |
| 701 | 0 | @a金淑姿@Ajin shu zi@4著 |
| 801 | @aCN@bTSTC@c20060414 | |
| 905 | @dI210.4@e118:1(2) | |
| 鲁迅作序跋的著作选辑.信/金淑姿著.-上海:上海书店,1985 |
| 242页;19cm |
| ISBN :CNY1.70 |
| ● |
| 相关链接 |
|
|
|
|
正题名:鲁迅作序跋的著作选辑
索取号:I210.4/118:1(2)
 
预约/预借
| 序号 | 登录号 | 条形码 | 馆藏地/架位号 | 状态 | 备注 |
| 1 | 0146314 | 001401646 | 密集书库/ [索取号:I210.4/118:1(2)] | 在馆 | |
| 2 | 0146315 | 202085484 | 第一样本阅览室/ [索取号:I210.4/118:1(2)] | 在馆 |